Práctica de las encuestas estadísticas
Saved in:
| Hovedforfatter: | |
|---|---|
| Format: | Bog |
| Sprog: | spansk |
| Udgivet: |
Barcelona
Ariel
1967
|
| Fag: | |
| Tags: |
Tilføj Tag
Ingen Tags, Vær først til at tagge denne postø!
|
MARC
| LEADER | 00000nam a2200000 a 4500 | ||
|---|---|---|---|
| 001 | UCJ8936 | ||
| 003 | CL-VaPUC | ||
| 008 | 070126e19670000SP |||||||||||||||||spa|d | ||
| 082 | 0 | 4 | |a 001.433 |b CHE |2 21 |
| 100 | 0 | |a Chevry, Gabriel R |e author |9 518750 | |
| 245 | 1 | 0 | |a Práctica de las encuestas estadísticas |
| 300 | |a 351 p | ||
| 942 | |c BK | ||
| 945 | |d 20070126 00:00:00 |a jtorresc | ||
| 260 | |a Barcelona |b Ariel |c 1967 | ||
| 500 | |a Donación de la Dra. Marianne Peronard Thierry | ||
| 650 | 0 | |a Encuestas |9 259666 | |
| 650 | 0 | |a Estadística aplicada |9 270522 | |
| 650 | 7 | |a ESTADISTICA DESCRIPITIVA |2 CL-VaPUC |9 518751 | |
| 650 | 7 | |a REDACCION DE DATOS |2 CL-VaPUC |9 518752 | |
| 583 | |a last modification |c 20070126 00:00:00 |k Rodrigo Vera | ||
| 999 | |c 324580 |d 324578 | ||
| 952 | |0 0 |1 0 |4 0 |6 001_433000000000000_CHE_1967 |7 0 |8 A |9 404847 |a FDOPOS |b FDOPOS |d 2019-11-22 |i 4318315 |o 001.433 CHE 1967 |p 4318315 |r 2025-01-22 |w 2019-11-22 |y BK |k MLA | ||